000 00773nas a2200265Ia 4500
001 dd19-27856 [d000003200]
003 IT-MiCISF
008 161014c99999999xx |||||||||||| ||und||
040 _aIT-MiCISF
_cIT-MiCISF
041 _aITALIANO
100 _aMalagò Franca
210 _aIl nosro tempo
222 _aIl nosro tempo
245 0 _aL'alto modello Nazareth
250 _a1a ed.
260 _c1995
501 _bCISF - Centro Internazionale Studi Famiglia - Via Giotto, 36 20145 MILANO (non commercial uses only)
_cCopyright 2016
300 _app. 4
362 _a n. 47, 24 dicembre [1995]
500 _a Tema: famiglia, chiesa, societĂ 
650 _aFAMIGLIA
_vdossier
700 _a Fornero Elena
942 _cCR
957 _71
999 _a27856
_bSi
_g1
_c220705
_d220705